| 000 | 00645nam a2200205 4500 | ||
|---|---|---|---|
| 003 | CO-ViMGA | ||
| 020 | _a9786070502941 | ||
| 040 |
_aCO-ViMGA _bspa _cCO-ViMGA |
||
| 082 | 0 | 4 |
_a338.927 _bP41p |
| 100 | 1 |
_aPick, Susan. _95073 |
|
| 245 | 1 | 0 |
_aPobreza : cómo romper el ciclo a partir del desarrollo humano / _cSusan Pick, Jenna Sirkin. |
| 260 |
_aMéxico: _bLimusa, _c2011. |
||
| 300 |
_a416 p. : _b22.5 cm |
||
| 500 | _aIncluye indice | ||
| 534 | _tBreaking the poverty cycle : the human basis for sustainable development | ||
| 650 | 1 | 4 |
_aDesarrollo humano _95075 |
| 650 | 1 | 4 |
_aPobreza _95074 |
| 700 | 1 |
_aSirkin, Jenna _95076 |
|
| 942 |
_cBK _2ddc |
||
| 999 |
_c35896 _d35896 |
||